[Event "Splitsko Dalmatinske-ch"]
[Site "Split"]
[Date "2014.03.11"]
[Round "4"]
[White "Gruic, Jere"]
[Black "Saric, Kristina"]
[Result "0-1"]
[WhiteElo "1734"]
[BlackElo "2196"]
[PlyCount "92"]
[EventDate "2014.03.08"]
[EventType "swiss"]
[EventRounds "9"]
[EventCountry "CRO"]
[SourceTitle "CBM 159 Extra"]
[Source "ChessBase"]
[SourceDate "2014.04.24"]
[SourceVersion "1"]
[SourceVersionDate "2014.04.24"]
[SourceQuality "1"]

1. Nf3 d5 2. g3 Nf6 3. Bg2 c6 4. 0-0 Bf5 5. d4 h6 6. c4 e6 7. Nc3 Be7 8. a4 0-0 9. a5 Nbd7 10. Qb3 Qc8 11. cxd5 exd5 12. Bf4 a6 13. Rfc1 Ra7 14. Ne5 Qd8 15. Nxd7 Nxd7 16. Rd1 Re8 17. e4 dxe4 18. Nxe4 Be6 19. Qc2 Bd5 20. Nc3 Nf6 21. Nxd5 Nxd5 22. Bd2 Ra8 23. Qb3 Qd7 24. Bxd5 cxd5 25. Rac1 Rac8 26. Kg2 Bf6 27. Be3 h5 28. h4 g6 29. Kh2 Re6 30. Rxc8+ Qxc8 31. Kg1 Qd7 32. Rc1 Rc6 33. Rc3 Kg7 34. Kf1 Bd8 35. Bd2 Rxc3 36. Bxc3 Qc6 37. Ke1 f6 38. Qd1 Qe8+ 39. Kf1 Qb5+ 40. Qe2 Qxe2+ 41. Kxe2 g5 42. f4 gxh4 43. gxh4 Kg6 44. Kf3 Kf5 45. b4 Bc7 46. Bd2 Bd6 0-1